Normal view
MARC view
Entry Personal Name
001 - CONTROL NUMBER
- control field: 27613
003 - CONTROL NUMBER IDENTIFIER
- control field: OSt
005 - DATE AND TIME OF LATEST TRANSACTION
- control field: 20160103121719.0
008 - FIXED-LENGTH DATA ELEMENTS
- fixed length control field: 160103|| aca||aabn | a|a d
040 ## - CATALOGING SOURCE
- Original cataloging agency: OSt
- Transcribing agency: OSt
100 ## - HEADING--PERSONAL NAME
- Personal name: Cooper, Edward H
670 ## - SOURCE DATA FOUND
- Source citation: Work cat.: (OSt)36886: Cooper, Edward H, Children Racehorses and Ghosts, 1899









